000 00369nam a2200121Ia 4500
008 220901s9999||||xx |||||||||||||| ||und||
082 _a005.74 STA
100 _aStafford, Thomas
245 4 _aThe Database for advances in information system
250 _aVol. 41 Issue No. 1 & 2
260 _bACM(Association Computing Machinery)
_c2010
650 _aDatabase Management
999 _c194058
_d194058